Estatuto Tributario

Bibliographic Details
Main Author: Jimňez Lozano, ℓlvaro
Format: eBook
Language:Spanish
Published: Bogot:̀ ECOE, 2014
Subjects:
Online Access:Acceso restringido

MARC

LEADER 00000nam a22000007a 4500
005 20140424221531.0
007 cr|||| ||||
008 140424s2014 co |||||s|||| 00||0 spa d
035 |a 12019 
040 |a vLex 
090 |c 4830  |d 4830 
100 1 |a Jimňez Lozano, ℓlvaro 
245 1 0 |a Estatuto Tributario  |h [Recurso electrn̤ico] /  |c ℓlvaro Jimňez Lozano 
256 |a Servicio en ln̕ea 
260 |a Bogot:̀  |b ECOE,  |c 2014 
300 |a 1 recurso electrn̤ico 
506 1 |a Disponible solo en los productos indicados  |d vLex Global  |d vLex Global (Academic Edition, excluding Law Schools)  |d vLex Global (U.S. Academic Edition, Law Schools)  |d vLex Global (U.S. Academic Edition, excluding Law Schools)  |d vLex Global (Academic Edition, Law Schools) 
650 0 4 |a Derecho Fiscal  |z Colombia 
740 0 |a vLex Libros (Servicio en ln̕ea) 
856 4 0 |u http://vlex.com/source/estatuto-tributario-12019  |z Acceso restringido 
942 |c BOOK 
999 0 |a Tax Law